[Event "36. Open Untergrombach A-Turnier"]
[Site "?"]
[Date "2019.01.02"]
[Round "1.1"]
[White "Ikonnikov, Vyacheslav"]
[Black "Schröder, Klaus"]
[Result "1-0"]
[WhiteElo "2544"]
[BlackElo "1860"]
[PlyCount "81"]

1. d4 Nf6 2. Nf3 e6 3. c4 b6 4. g3 Bb7 5. Bg2 Bb4+ 6. Bd2 Bxd2+ 7. Qxd2 O-O 8.
O-O Ne4 9. Qe3 f5 10. Ng5 Nd6 11. Bxb7 Nxb7 12. Nc3 h6 13. Nh3 Nc6 14. Rad1 Qf6
15. d5 Ne5 16. b3 Ng4 17. Qd2 Qe5 18. Nf4 Kh7 19. Rfe1 Nc5 20. Nd3 Nxd3 21.
exd3 Qf6 22. d4 h5 23. h3 Nh6 24. Qf4 Nf7 25. Qxc7 Ng5 26. Kg2 f4 27. Qxf4 Qxf4
28. gxf4 Rxf4 29. dxe6 dxe6 30. Re5 Kh6 31. Ne2 Rf5 32. Re3 Raf8 33. f4 Nf7 34.
c5 Nh8 35. b4 Ng6 36. b5 Nxf4+ 37. Nxf4 Rxf4 38. Rxe6+ g6 39. c6 Rf2+ 40. Kg1
Rxa2 41. Rf1 1-0

[Event "36. Open Untergrombach A-Turnier"]
[Site "?"]
[Date "2019.01.02"]
[Round "1.2"]
[White "Belikan, Thomas"]
[Black "Shishkin, Vadim"]
[Result "0-1"]
[WhiteElo "1858"]
[BlackElo "2452"]
[PlyCount "76"]

1. Nf3 Nf6 2. g3 d5 3. Bg2 g6 4. O-O Bg7 5. d3 O-O 6. Nbd2 c5 7. e4 Nc6 8. c3
e5 9. Qc2 b6 10. Re1 Bb7 11. a3 Rc8 12. Qa4 a6 13. b4 b5 14. Qd1 cxb4 15. cxb4
dxe4 16. dxe4 Qb6 17. Ra2 Rfd8 18. Qe2 Nd4 19. Qf1 Qe6 20. Rb2 Nxf3+ 21. Bxf3
Rc3 22. Qe2 Rxa3 23. Nb1 Rad3 24. Bg5 h6 25. Rd2 Qb3 26. Rxd3 Qxd3 27. Bxf6
Bxf6 28. Kg2 Be7 29. Qb2 Qd4 30. Qc1 Qxb4 31. Re2 Rc8 32. Rc2 Rxc2 33. Qxc2 Qc5
34. Qb3 b4 35. Nd2 a5 36. h4 Bc6 37. h5 a4 38. Qd3 Bb5 0-1

[Event "36. Open Untergrombach A-Turnier"]
[Site "?"]
[Date "2019.01.02"]
[Round "1.3"]
[White "Meijers, Viesturs"]
[Black "Schmitt-Schott, Joscha"]
[Result "1-0"]
[WhiteElo "2433"]
[BlackElo "1855"]
[PlyCount "61"]

1. e4 e6 2. d3 d5 3. Nd2 Nf6 4. Qe2 Be7 5. Ngf3 c5 6. g3 Nc6 7. Bg2 O-O 8. O-O
b6 9. e5 Nd7 10. Re1 Bb7 11. c3 Rc8 12. h4 d4 13. c4 b5 14. cxb5 Nb4 15. Nc4
Nb6 16. a3 N4d5 17. Ng5 Rb8 18. Qh5 Bxg5 19. Bxg5 f6 20. exf6 Nxf6 21. Qe2 Bd5
22. Bxd5 exd5 23. Qe6+ Kh8 24. Nd6 Qd7 25. Qxd7 Nbxd7 26. a4 Ng4 27. Bf4 Rbd8
28. Re7 Nde5 29. Rxe5 Nxe5 30. Bxe5 Rf3 31. Re1 1-0

[Event "36. Open Untergrombach A-Turnier"]
[Site "?"]
[Date "2019.01.02"]
[Round "1.4"]
[White "Marcy, Harald"]
[Black "Kurayan, Ruslan"]
[Result "0-1"]
[WhiteElo "1843"]
[BlackElo "2376"]
[PlyCount "78"]

1. e4 c5 2. Nf3 d6 3. Bb5+ Nd7 4. O-O Ngf6 5. Nc3 a6 6. Bxd7+ Nxd7 7. d4 e6 8.
Bg5 Qc7 9. d5 e5 10. Ne2 g6 11. Qd2 Bg7 12. Ng3 h6 13. Be3 Kf8 14. h3 Kg8 15.
Nh2 Kh7 16. Ng4 h5 17. Nh2 h4 18. Ne2 f5 19. f4 Nb6 20. Qe1 Kg8 21. fxe5 Bxe5
22. Nf3 Bf6 23. Bg5 Bxg5 24. Nxg5 Qe7 25. Ne6 Bxe6 26. dxe6 Qxe6 27. exf5 Qe3+
28. Kh1 Re8 29. Rf2 gxf5 30. Rd1 Rh6 31. Rd3 Qe4 32. Rdf3 Rf8 33. Qd2 Rg6 34.
Rf4 Qd5 35. Qc3 Rh6 36. b3 Qd1+ 37. Kh2 Nd5 38. Qc4 b5 39. Rg4+ Kh7 0-1

[Event "36. Open Untergrombach A-Turnier"]
[Site "?"]
[Date "2019.01.02"]
[Round "1.5"]
[White "Stets, Dmitry"]
[Black "Kilthau, Peter"]
[Result "1/2-1/2"]
[WhiteElo "2374"]
[BlackElo "1836"]
[PlyCount "110"]

1. e4 d6 2. d4 Nf6 3. Nc3 g6 4. Nf3 Bg7 5. Bc4 c6 6. Bb3 O-O 7. O-O Qc7 8. h3
e5 9. Be3 b5 10. a3 a6 11. Qd2 Be6 12. dxe5 dxe5 13. Bxe6 fxe6 14. Ng5 Re8 15.
Rad1 Bf8 16. f4 exf4 17. Rxf4 Nbd7 18. Qf2 Bg7 19. e5 Qxe5 20. Nce4 Nd5 21. Qh4
h6 22. Nf7 Qh5 23. Qxh5 gxh5 24. Rf3 Nxe3 25. Rxd7 Nf5 26. c3 Re7 27. Rxe7 Nxe7
28. g4 Rf8 29. Ned6 hxg4 30. hxg4 Nc8 31. Nxc8 Rxc8 32. g5 hxg5 33. Nxg5 Re8
34. Rd3 Bf8 35. Ne4 Be7 36. Rd7 Kf8 37. Kf1 Rd8 38. Rc7 Rd1+ 39. Ke2 Rb1 40. b4
Ra1 41. Rxc6 Rxa3 42. Rxe6 a5 43. bxa5 Rxa5 44. Rb6 b4 45. cxb4 Ra4 46. Nc5
Bxc5 47. bxc5 Ke7 48. Kd3 Kd7 49. Kc3 Kc7 50. Rb4 Rxb4 51. Kxb4 Kb7 52. Kb5 Kc7
53. c6 Kc8 54. Kc4 Kc7 55. Kc5 Kc8 1/2-1/2

[Event "36. Open Untergrombach A-Turnier"]
[Site "?"]
[Date "2019.01.02"]
[Round "1.6"]
[White "Fischer, Ulrich"]
[Black "Podat, Vladimir"]
[Result "0-1"]
[WhiteElo "1833"]
[BlackElo "2340"]
[PlyCount "104"]

1. d4 Nf6 2. c4 c5 3. d5 b5 4. cxb5 a6 5. e3 e6 6. Nc3 Bb7 7. e4 Qb6 8. a4 axb5
9. Bxb5 c4 10. Nge2 Bc5 11. O-O Ng4 12. Qe1 Na6 13. Bxa6 Bxa6 14. Bf4 O-O 15.
h3 Nf6 16. Qd2 exd5 17. Nxd5 Nxd5 18. exd5 c3 19. Nxc3 Bxf1 20. Rxf1 Rfe8 21.
Rb1 Qb3 22. Be3 Bb4 23. Bd4 h6 24. Qf4 Bxc3 25. Bxc3 Rxa4 26. Qg3 f6 27. Qg6
Rf8 28. Qf5 Rf7 29. Re1 Ra8 30. Qe4 Rc8 31. Ra1 Qc4 32. Qf5 Re8 33. Qf3 Rfe7
34. Qf5 Qc5 35. Rd1 Qd6 36. g3 Re4 37. Kg2 Qe7 38. Qf3 Qf7 39. Qf5 Re2 40. Qf3
Qg6 41. Rd4 R8e5 42. Rd2 Rxd2 43. Bxd2 Re4 44. Be3 Rb4 45. Bc5 Rxb2 46. Be7 Rc2
47. d6 Kh7 48. h4 Rc4 49. Kh2 Qe4 50. Qxe4+ Rxe4 51. h5 Kg8 52. Kg2 Rxe7 0-1

[Event "36. Open Untergrombach A-Turnier"]
[Site "?"]
[Date "2019.01.02"]
[Round "1.7"]
[White "Nekrasov, Mihail"]
[Black "Musovic, Naser"]
[Result "1-0"]
[WhiteElo "2295"]
[BlackElo "1829"]
[PlyCount "79"]

1. e4 d6 2. d4 Nf6 3. Nc3 Nbd7 4. Nf3 e5 5. Bc4 Be7 6. O-O c6 7. a4 a5 8. Re1
Qc7 9. h3 h6 10. Be3 Nf8 11. Bb3 Be6 12. Bxe6 Nxe6 13. Qd3 g5 14. d5 Nf8 15.
Rad1 Ng6 16. Qc4 Rc8 17. Qb3 g4 18. hxg4 Nxg4 19. Bb6 Qd7 20. Ne2 Rg8 21. Bxa5
h5 22. c4 h4 23. c5 Nf6 24. cxd6 Bxd6 25. dxc6 Rxc6 26. Ng5 Nf4 27. Nxf4 Rxg5
28. Nh3 Rg6 29. Qf3 Qe6 30. Qf5 Qb3 31. Bc3 Kf8 32. Rd3 Qc4 33. Rf3 Bb4 34.
Qxe5 Bxc3 35. Rxc3 Qxa4 36. Nf4 Rg4 37. Rxc6 Qxc6 38. Nd5 Rxe4 39. Rxe4 Qxd5
40. Qxd5 1-0

[Event "36. Open Untergrombach A-Turnier"]
[Site "?"]
[Date "2019.01.02"]
[Round "1.8"]
[White "Fedler, Robert"]
[Black "Kettner, Jürgen"]
[Result "0-1"]
[WhiteElo "1827"]
[BlackElo "2237"]
[PlyCount "85"]

1. c4 g6 2. Nc3 Bg7 3. g3 c5 4. Bg2 Nc6 5. Nf3 e6 6. b3 Nge7 7. Bb2 O-O 8. O-O
d5 9. cxd5 exd5 10. Na4 Bxb2 11. Nxb2 Bg4 12. h3 Bf5 13. d4 cxd4 14. Nxd4 Be4
15. Nxc6 Nxc6 16. Nd3 Qb6 17. Nf4 Rad8 18. Qd2 Rfe8 19. Rac1 a5 20. Rfd1 Bxg2
21. Kxg2 d4 22. Rc4 Re4 23. Nd3 Re7 24. Qb2 Rde8 25. Rd2 h5 26. h4 Qd8 27. Ne1
Rd7 28. Nd3 Rd5 29. Nf4 Rd6 30. Nd3 Re4 31. Nc5 Re7 32. Nd3 Qe8 33. Rc5 Red7
34. Kg1 Qe7 35. Ne1 d3 36. Rc1 dxe2 37. Rxe2 Qd8 38. Ng2 Rd1+ 39. Re1 R1d2 40.
Rc2 Nd4 41. Rxd2 Nf3+ 42. Kh1 Rxd2 43. Qc3 0-1

[Event "36. Open Untergrombach A-Turnier"]
[Site "?"]
[Date "2019.01.02"]
[Round "1.9"]
[White "Cofmann, Veaceslav"]
[Black "Pek, Istvan"]
[Result "1-0"]
[WhiteElo "2205"]
[BlackElo "1815"]
[PlyCount "69"]

1. d4 d5 2. c4 e6 3. Nf3 Nf6 4. Qc2 c6 5. Nbd2 Bd6 6. g3 Nbd7 7. Bg2 Qe7 8. O-O
O-O 9. e4 dxe4 10. Nxe4 Nxe4 11. Qxe4 Nf6 12. Qc2 h6 13. b3 c5 14. Bb2 cxd4 15.
Nxd4 Bd7 16. Bxb7 Rab8 17. Nc6 Bxc6 18. Bxc6 Rbc8 19. Bg2 Rfd8 20. Rad1 Bc5 21.
Qe2 Bd6 22. Rd3 Bb4 23. Rfd1 Rxd3 24. Qxd3 Bc5 25. h3 a5 26. Qf3 Rd8 27. Rxd8+
Qxd8 28. Qa8 Qxa8 29. Bxa8 Kf8 30. Bc3 Bb6 31. a3 Ke8 32. b4 Kd7 33. c5 Ba7 34.
c6+ Kd6 35. Be5+ 1-0

[Event "36. Open Untergrombach A-Turnier"]
[Site "?"]
[Date "2019.01.02"]
[Round "1.10"]
[White "Schnepel, Thomas"]
[Black "Wiechert, Hans"]
[Result "0-1"]
[WhiteElo "1813"]
[BlackElo "2167"]
[PlyCount "77"]

1. e4 c5 2. Nf3 e6 3. d4 cxd4 4. Nxd4 Nc6 5. Nc3 Qc7 6. Be3 a6 7. Qd2 Ne5 8.
Be2 b5 9. Nb3 Nf6 10. f3 Bb4 11. O-O O-O 12. Bd4 Be7 13. Rad1 d6 14. a3 Rb8 15.
Nc1 Rd8 16. Qe1 Nc4 17. Bxc4 Qxc4 18. Qf2 Bd7 19. Nd3 Be8 20. Kh1 Rdc8 21. e5
dxe5 22. Nxe5 Qc7 23. Nd3 Nd7 24. Rd2 a5 25. Re1 Bf8 26. Ne5 Nb6 27. Ne4 Nd5
28. Nd3 Ra8 29. Ndc5 e5 30. Bxe5 Qxe5 31. Nc3 Qc7 32. Rxd5 Bxc5 33. Rxc5 Qxc5
34. Rxe8+ Rxe8 35. Qxc5 Re1+ 36. Qg1 Rxg1+ 37. Kxg1 Rc8 38. Nxb5 Rxc2 39. b4
0-1

[Event "36. Open Untergrombach A-Turnier"]
[Site "?"]
[Date "2019.01.03"]
[Round "2.1"]
[White "Hermann, Jens"]
[Black "Ikonnikov, Vyacheslav"]
[Result "1/2-1/2"]
[WhiteElo "2019"]
[BlackElo "2544"]
[PlyCount "81"]

1. Nc3 g6 2. h4 h5 3. d3 d6 4. Bd2 Bg7 5. Qc1 Nf6 6. g3 Nbd7 7. Nf3 a5 8. a4
Ng4 9. Bg2 Ndf6 10. Ng5 c6 11. O-O d5 12. e4 dxe4 13. Ngxe4 O-O 14. Nxf6+ Bxf6
15. Ne4 Bg7 16. Rb1 Be6 17. Bc3 Ba2 18. Bxg7 Kxg7 19. Ra1 Bd5 20. c4 Bxe4 21.
Qc3+ e5 22. dxe4 Qb6 23. c5 Qb4 24. Qxb4 axb4 25. b3 Rfd8 26. Rfd1 Kf8 27. Bh3
Nf6 28. f3 Ke7 29. Kf2 Ne8 30. Ke3 Nc7 31. Rac1 f6 32. f4 Na6 33. Rxd8 Rxd8 34.
fxe5 fxe5 35. Bf1 Nc7 36. Bc4 Rd4 37. Rf1 Ne6 38. Bxe6 Kxe6 39. Rc1 Kd7 40. Rf1
Ke7 41. Rc1 1/2-1/2

[Event "36. Open Untergrombach A-Turnier"]
[Site "?"]
[Date "2019.01.03"]
[Round "2.2"]
[White "Shishkin, Vadim"]
[Black "Schmidt, Danny"]
[Result "1-0"]
[WhiteElo "2452"]
[BlackElo "2011"]
[PlyCount "51"]

1. d4 d5 2. c4 e6 3. Nc3 Nf6 4. cxd5 exd5 5. Bg5 Be7 6. e3 O-O 7. Bd3 Nbd7 8.
Nge2 Re8 9. O-O c6 10. Qc2 Nf8 11. f3 Nh5 12. Bxe7 Qxe7 13. e4 dxe4 14. fxe4
Qg5 15. e5 Bg4 16. Ne4 Qe3+ 17. Kh1 Ne6 18. Nd6 Re7 19. Bxh7+ Kf8 20. Qg6 Ng5
21. Nxf7 Ne4 22. Qxe4 Qxe4 23. Nd6+ Qf3 24. gxf3 Bh3 25. Rg1 g5 26. Bg6 1-0

[Event "36. Open Untergrombach A-Turnier"]
[Site "?"]
[Date "2019.01.03"]
[Round "2.3"]
[White "Osmanovic, Faruk"]
[Black "Meijers, Viesturs"]
[Result "0-1"]
[WhiteElo "2016"]
[BlackElo "2433"]
[PlyCount "91"]

1. d4 Nf6 2. Nf3 e6 3. c4 d5 4. e3 Nbd7 5. Nc3 Be7 6. Bd3 dxc4 7. Bxc4 c5 8.
O-O O-O 9. Qe2 a6 10. a4 b6 11. Rd1 Qc7 12. d5 exd5 13. Bxd5 Bb7 14. Bxb7 Qxb7
15. b3 Rfe8 16. Bb2 Nf8 17. h3 Ng6 18. Qc4 h6 19. Nd5 Nxd5 20. Qxd5 Qxd5 21.
Rxd5 Red8 22. Rad1 Rxd5 23. Rxd5 Ra7 24. g3 f6 25. h4 Kf7 26. h5 Nf8 27. Kf1
Nd7 28. Rd1 Nb8 29. Nh4 Nc6 30. Nf5 Bf8 31. Bc3 Ke6 32. e4 b5 33. Ne3 b4 34.
Bb2 Na5 35. Rd3 Rd7 36. Nd5 Bd6 37. Nb6 Rb7 38. Nc8 Bf8 39. f4 c4 40. f5+ Kf7
41. bxc4 Nxc4 42. Bc1 Rc7 43. Rd8 b3 44. Bf4 b2 45. Bxc7 b1=Q+ 46. Kf2 0-1

[Event "36. Open Untergrombach A-Turnier"]
[Site "?"]
[Date "2019.01.03"]
[Round "2.4"]
[White "Kurayan, Ruslan"]
[Black "Schott, Reimund"]
[Result "1-0"]
[WhiteElo "2376"]
[BlackElo "1970"]
[PlyCount "81"]

1. e4 c5 2. Nf3 Nc6 3. d4 cxd4 4. Nxd4 Nf6 5. Nc3 d6 6. Be3 Ng4 7. Bb5 Bd7 8.
Nxc6 bxc6 9. Bxc6 Nxe3 10. Bxd7+ Qxd7 11. fxe3 e6 12. Qd4 f6 13. Qa4 Qxa4 14.
Nxa4 Be7 15. O-O-O O-O 16. Rhf1 Rab8 17. c4 Rfc8 18. b3 Rc6 19. Kc2 Rb5 20. Rf2
Rh5 21. h3 d5 22. exd5 exd5 23. Nb2 Ba3 24. Rd4 Re5 25. Re2 Bxb2 26. Kxb2 dxc4
27. Rxc4 Rce6 28. Rc8+ Kf7 29. Rc7+ Kg6 30. Rxa7 Rxe3 31. Rxe3 Rxe3 32. Rc7 f5
33. a4 Kf6 34. a5 Re6 35. b4 h5 36. b5 Re5 37. Rb7 Re2+ 38. Kb3 Rxg2 39. a6 Rg1
40. a7 Ra1 41. Rb6+ 1-0

[Event "36. Open Untergrombach A-Turnier"]
[Site "?"]
[Date "2019.01.03"]
[Round "2.6"]
[White "Geweniger, Tim"]
[Black "Nekrasov, Mihail"]
[Result "1/2-1/2"]
[WhiteElo "1929"]
[BlackElo "2295"]
[PlyCount "72"]

1. d4 d5 2. Bf4 c5 3. e3 Nc6 4. c3 Nf6 5. Nd2 Bf5 6. Ngf3 e6 7. Nh4 Bg4 8. Qb3
Qd7 9. h3 Bh5 10. g4 Bg6 11. Nxg6 hxg6 12. Bg2 cxd4 13. exd4 Bd6 14. Bxd6 Qxd6
15. Qxb7 O-O {(=)} 16. Nc4 Qf4 17. Qxc6 Ne4 18. O-O Rfc8 19. Qa6 {(=)} Rxc4 20.
Bxe4 Qxe4 21. Rfe1 Qc2 22. Qb7 Rcc8 23. Qb3 Qd2 24. Rad1 Qf4 25. Qc2 Rab8 26.
Rd3 a5 27. Rd2 Rb7 28. Kg2 Rcb8 29. b3 Rc8 30. Qd3 Qd6 31. Rc2 a4 32. b4 Rc4
33. a3 Rbc7 34. Kg1 Qf4 35. Kg2 Qd6 36. Kg1 Qf4 1/2-1/2

[Event "36. Open Untergrombach A-Turnier"]
[Site "?"]
[Date "2019.01.03"]
[Round "2.7"]
[White "Kettner, Jürgen"]
[Black "Sitzler, Fabian"]
[Result "1/2-1/2"]
[WhiteElo "2237"]
[BlackElo "1920"]
[PlyCount "89"]

1. e4 e6 2. d4 d5 3. exd5 exd5 4. Nf3 Nf6 5. Bd3 Bd6 6. Qe2+ Qe7 7. Qxe7+ Bxe7
8. Bf4 c6 9. O-O O-O 10. Re1 Re8 11. Nbd2 h6 12. Nf1 Nbd7 13. Ng3 Nf8 14. c3
Ne6 15. Be5 Nd7 16. Nf5 Nxe5 17. Nxe7+ Rxe7 18. Rxe5 Bd7 19. Rae1 Ree8 20. g3
Nf8 21. Nh4 g6 22. f4 Kg7 23. Kf2 Rxe5 24. Rxe5 Re8 25. b4 a6 26. Ke3 f6 27.
Rxe8 Bxe8 28. f5 g5 29. Nf3 Kf7 30. Nd2 b5 31. Be2 Ke7 32. Nb3 Nd7 33. h4 Kd6
34. Nc1 Nb6 35. hxg5 hxg5 36. Bg4 Kc7 37. Nd3 Nd7 38. Nf2 Kd6 39. Bd1 Ke7 40.
a4 Nb6 41. a5 Nc4+ 42. Kf3 Bh5+ 43. g4 Be8 44. Nd3 Bd7 45. Nc5 1/2-1/2

[Event "36. Open Untergrombach A-Turnier"]
[Site "?"]
[Date "2019.01.03"]
[Round "2.8"]
[White "Ehlers, Michael"]
[Black "Cofmann, Veaceslav"]
[Result "0-1"]
[WhiteElo "1927"]
[BlackElo "2205"]
[Annotator "IM Heinz Fuchs"]
[PlyCount "48"]

1. d4 Nf6 2. Nf3 c5 3. d5 {Häufiger wird 3. c4 gespielt, mit anderen
Stellungsbildern.} e6 4. Nc3 $6 {Gefällt mir nicht so gut! Lässt eine schnelle
schwarze Entwicklung zu.} exd5 5. Nxd5 Nxd5 6. Qxd5 d6 $6 {Ungenau gespielt,
besser war 6... Sc6 oder Le7.} 7. e4 $2 {Vergibt die taktische Chance 7. Sg5!
mit besserer Stellung für Weiß. Es droht neben dem Einschlag auf f7 auch Sxh7
nebst De4+.} Nc6 {Wieder war Le7 genauer.} 8. c3 {und auch hier ging immer noch
} (8. Ng5 Qc7 9. Bc4 Ne5 10. Bb5+ Bd7 11. Bxd7+ Qxd7 12. f4 {oder Lf4 mit
leichtem Vorteil für Weiß.}) 8... Be6 9. Qd2 h6 10. Bb5 {Solider erscheint mir
Le2.} Qb6 11. Qd3 {und schon wieder ein Damenzug!} Be7 12. O-O O-O 13. Bxc6 $6
{Weiß gibt ohne Not sein Läuferpaar her, nun steht Schwarz bereits besser!}
Qxc6 14. c4 {Warum nicht den natürlichen Entwicklungszug Lf4?} Bf6 15. a4 $2 {
Auch hier verstehe ich den Sinn des Zugs nicht.} Rfe8 {15... Da6 hätte Weiß
bereits arg in Bedrängnis gebracht} 16. Ra2 Bg4 17. Nd2 Bd4 18. Kh1 f5 $1 {Gut
gespielt.} 19. f3 fxe4 20. Nxe4 d5 21. cxd5 Qxd5 22. Nc3 $2 {nach 22. Sf6!
gefolgt von Dg6+ hätte man noch kämpfen können.} (22. Nf6+ gxf6 23. Qg6+) 22...
Bf5 $1 {nun gibt es keine Rettung mehr!} 23. Qd1 Qc4 $1 {fein gespielt} 24. Ra3
Bc2 $1 {setzt den Schlußpunkt!} 0-1

[Event "36. Open Untergrombach A-Turnier"]
[Site "?"]
[Date "2019.01.03"]
[Round "2.9"]
[White "Wiechert, Hans"]
[Black "Böttcher, Fabian"]
[Result "1-0"]
[WhiteElo "2167"]
[BlackElo "1890"]
[PlyCount "71"]

1. d4 Nf6 2. c4 g6 3. g3 Bg7 4. Bg2 d6 5. Nf3 O-O 6. Nc3 Nbd7 7. O-O e5 8. e4
a5 9. h3 exd4 10. Nxd4 Nc5 11. Re1 Bd7 12. Ndb5 Bc6 13. Qc2 Re8 14. f3 Qd7 15.
Be3 b6 16. Rad1 Qe7 17. Bf2 Bxb5 18. cxb5 Rad8 19. a3 Ne6 20. f4 Qf8 21. b4
axb4 22. axb4 Nh5 23. Nd5 f5 24. Kh2 fxe4 25. Bxe4 Qf7 26. h4 Nf6 {(=)} 27.
Nxf6+ Bxf6 28. Bd5 Re7 29. Qc4 Be5 30. Bg1 Bxf4 31. gxf4 Qf6 32. f5 gxf5 33.
Rxe6 Rxe6 34. Bxe6+ Kf8 35. Rf1 Qb2+ 36. Kh1 1-0

[Event "36. Open Untergrombach A-Turnier"]
[Site "?"]
[Date "2019.01.03"]
[Round "2.10"]
[White "Martus, Jürgen"]
[Black "Prestel, Oliver"]
[Result "0-1"]
[WhiteElo "1921"]
[BlackElo "2108"]
[PlyCount "76"]

1. d4 d5 2. Bf4 Nf6 3. e3 c5 4. c3 Nc6 5. Nd2 e6 6. Ngf3 Bd6 7. Ne5 Qc7 8. Ndf3
cxd4 9. exd4 Nh5 10. Bd2 O-O 11. Nxc6 bxc6 12. Ne5 g6 13. g4 Bxe5 14. gxh5 Bg7
15. f4 Rb8 16. b4 Qe7 17. Qf3 Qh4+ 18. Kd1 e5 19. Be2 exd4 20. cxd4 Bxd4 21.
Rc1 Bf5 22. Qg3 Qf6 23. h4 Rfe8 24. hxg6 fxg6 25. h5 Rb7 26. hxg6 hxg6 27. Qh2
Ree7 28. Qg3 Rh7 29. Rxh7 Rxh7 30. Bf3 Qe6 31. Qg2 Rd7 32. a4 Rd6 33. b5 c5 34.
a5 Be4 35. Bxe4 dxe4 36. Qe2 e3 37. Be1 Bf6+ 38. Kc2 Qa2# 0-1

[Event "36. Open Untergrombach A-Turnier"]
[Site "?"]
[Date "2019.01.03"]
[Round "3.1"]
[White "Prestel, Oliver"]
[Black "Shishkin, Vadim"]
[Result "0-1"]
[WhiteElo "2108"]
[BlackElo "2452"]
[Annotator "Prestel,Oliver"]
[PlyCount "106"]
[EventDate "2019.??.??"]

{Alle Jahre wieder.... Nachden ich beim letztjähigen Untergrombach Open schon
gegen den Ukrainischen Großmeister antreten dufte, kam es jetzt zur Revanche.} 
1. d4 Nf6 2. c4 g6 3. Nc3 d5 4. Nf3 Bg7 5. h4 c6 6. Bf4 {Sehr erstaunlich,
dass bis hierher genau dieselben Züge wie damals gespielt wurden!} dxc4 {Die
erste Abweichung. 2018 verlief die Partie Hier stellt sich erste Frage.
Welches Eröffungkonzept strebt Weiß an?} (6... O-O 7. Qd2 $2 Ne4 8. Qe3 Nxc3 9.
bxc3 h5 10. Ne5 Nd7 11. cxd5 cxd5 12. f3 $2 Nxe5 13. Bxe5 f6 14. Bf4 e5 15.
dxe5 fxe5 16. Bg5 Qa5 17. Qd2 Be6 18. Qc2 e4 19. Rc1 Rac8 20. Bd2 e3 $1 21.
Bxe3 Rxc3 {0-1 Ein Abstich erster Güte}) 7. e3 ({A) sollte ich den Versuch
unternehmen, den Bauern c4 zurückzuerobern - ähnlich wie im Damengambit:} 7. a4
Nd5 8. Be5 f6 9. Bg3 Qa5 10. Qd2 Nd7 11. e4 Nxc3 12. Bxc4 b5 13. Bd3 b4 14.
bxc3 bxc3 15. Qc2 {1-0 (50) Mamedyarov,S (2757)-Grischuk,A (2783) Beijing 2013}
) ({B) oder voll auf Angriff spielen} 7. e4 b5 8. a4 b4 9. Na2 Nxe4 10. Bxc4
Nd6 11. Bb3 Bg4 $15 {der Verlust des weißen Zentrumsbauern sichert Schwarz
Vorteil. Kompensation ? Fehlanzeige}) 7... Be6 {mit Verwicklungen} 8. Ng5 Bd5
9. e4 h6 10. exd5 hxg5 11. dxc6 ({schlechter ist} 11. Bxb8 Rxb8 12. dxc6 bxc6
13. Qd2 gxh4 14. Bxc4 Bh6 $17 {b2 oder d4 fällt} 15. f4 e5 $1 $19) 11... Nxc6
12. Bxg5 Qxd4 13. Qxd4 Nxd4 14. O-O-O {sieht gut aus, war aber zu schnell
gespielt - das nutzt der GM geschickt aus...} ({dieses Abspiel fürht nur zu
leichtem schwarzen Vorteil} 14. Rd1 Ne6 15. Bxf6 Bxf6 16. Bxc4 Rc8 17. Bxe6
fxe6 18. g3 Bxc3+ 19. bxc3 Rxc3 20. O-O) 14... Ng4 15. Rd2 Ne6 16. Nd5 {
beschwört wieder Komplikationen herauf} f6 ({tappt nicht in die Falle} 16...
Nxg5 17. Nc7+ Kf8 18. Nxa8 Ne6 19. Bxc4 $11) 17. Bf4 Rc8 ({auch zu dieser
wilden Variante lässt sich der GM nicht verleiten} 17... Nxf4 18. Nc7+ Kf7 19.
Bxc4+ e6 20. Rd7+ Kg8 21. Nxa8 $16) 18. g3 {die Diagonale h6-c1 droht schwach
zu werden} Nxf4 19. gxf4 $2 ({die entscheidende Ungenauigkeit. Ich wollte Lh6
mit der Folge e5 verhindern. Das wäre bei genauer Berechnung noch spielbar
gewesen:} 19. Nxf4 Bh6 20. Kc2 e5 21. Bh3 exf4 22. Bxg4 f5 23. Bf3 fxg3 24.
Re2+ Kf7 25. fxg3 $15 {nach gxf4 ist die Partie positionell verloren}) 19... e6
20. f3 Nh6 21. Bh3 f5 {der weiße Läufer beißt überall auf Granit} (21... Nf5
22. Bxf5 gxf5 23. Nc3 $17) 22. Nc3 Bxc3 $1 {tauscht den aktiven Springer ab.
Sehr stark! Was übrig bleibt, ist ein schlechter Läufer gegen einen sehr
flexiblen Springer bei ruinöser Bauernstellung und Bauer weniger.} 23. bxc3 Nf7
24. Bf1 Ke7 25. a4 a6 26. Rg2 Rh6 27. Rgh2 Nd6 28. Kb2 Kf6 29. Rd2 Rc6 30. Rdh2
Rh5 $1 {verhindert jegliches Gegenspiel (h4-h5) - einfach und stark.} 31. Rg1
Nc8 32. a5 Ne7 33. Rg5 Nd5 34. Rxh5 gxh5 35. Rd2 Nxf4 {der Rest ist Technik}
36. Rd7 (36. Rd4 Ke5 37. Rxc4 Rxc4 38. Bxc4 Ng2 $19) 36... b5 37. axb6 Rxb6+
38. Kc2 Rc6 39. Rh7 Kg6 40. Rb7 Nd5 41. Kd2 Kf6 42. Rh7 Kg6 43. Rh8 a5 44. Rg8+
Kf6 45. Ra8 Rc5 46. Be2 Nf4 47. Bf1 Ng6 48. Ke3 Nxh4 49. f4 Ng6 50. Ra7 h4 51.
Be2 Ne7 52. Bh5 h3 53. Ra8 Rc8 0-1

[Event "36. Open Untergrombach A-Turnier"]
[Site "?"]
[Date "2019.01.03"]
[Round "3.2"]
[White "Meijers, Viesturs"]
[Black "Medvedovski, Michael"]
[Result "1/2-1/2"]
[WhiteElo "2433"]
[BlackElo "2082"]
[PlyCount "84"]

1. c4 e6 2. b3 Nf6 3. Bb2 c5 4. g3 Be7 5. Bg2 O-O 6. Nf3 Nc6 7. O-O d5 8. cxd5
exd5 9. d4 Ne4 10. Nc3 Bf6 11. Nxe4 dxe4 12. Nd2 Bxd4 13. Bxd4 Qxd4 14. e3 Qe5
15. Nxe4 Bf5 16. Qd6 Bxe4 17. Qxe5 Nxe5 18. Bxe4 Rab8 {(=)} 19. Rfd1 b6 20. h3
Rfd8 21. f4 Ng6 22. Kf2 Kf8 23. Ke2 Ke7 24. h4 Nf8 25. g4 h6 26. h5 Ne6 27. Bf5
f6 28. Bxe6 Kxe6 29. Kf3 Rbc8 30. Rxd8 Rxd8 31. Ke2 Rd5 32. Rg1 a5 33. a4 Kd6
34. Rc1 Kc6 {(=)} 35. Rc4 b5 36. Re4 bxa4 37. Rxa4 Kb5 38. Re4 Rd7 39. Rc4 Kc6
40. Ra4 Kb5 41. Re4 Kc6 42. Ra4 Kb5 1/2-1/2

[Event "36. Open Untergrombach A-Turnier"]
[Site "?"]
[Date "2019.01.03"]
[Round "3.3"]
[White "Dauner, Benedikt"]
[Black "Kurayan, Ruslan"]
[Result "1/2-1/2"]
[WhiteElo "2079"]
[BlackElo "2376"]
[PlyCount "63"]

1. b3 Nf6 2. Bb2 d6 3. d4 g6 4. g3 Bg7 5. Bg2 O-O 6. Nf3 Bf5 7. O-O Qc8 8. Re1
Nc6 9. c4 Re8 10. d5 Nb4 11. Nd4 Bh3 12. Bh1 Ng4 13. Qd2 c5 14. dxc6 Nxc6 15.
Nxc6 bxc6 16. Bxg7 Kxg7 17. Nc3 Qf5 18. e4 Qf6 19. Rad1 Rac8 20. f3 Ne5 21. f4
Nd7 22. Qd4 Qxd4+ 23. Rxd4 f6 24. Na4 c5 25. Rd2 h6 26. Nb2 a5 27. Nd3 Rcd8 28.
Bf3 h5 29. Red1 Rc8 30. Re1 Rcd8 31. Red1 Rc8 32. Re1 1/2-1/2

[Event "36. Open Untergrombach A-Turnier"]
[Site "?"]
[Date "2019.01.03"]
[Round "3.4"]
[White "Mädler, Thomas"]
[Black "Podat, Vladimir"]
[Result "0-1"]
[WhiteElo "2065"]
[BlackElo "2340"]
[PlyCount "62"]

1. d4 d5 2. Nf3 c5 3. e3 Nc6 4. Be2 cxd4 5. exd4 Bf5 6. O-O Nf6 7. c3 e6 8. Bf4
Bd6 9. Bxd6 Qxd6 10. Nbd2 h6 11. Re1 O-O 12. Bb5 Nd7 13. h3 Rfe8 14. Ne5 Ndxe5
15. dxe5 Qc5 16. Qe2 a6 17. Bxc6 bxc6 18. Nb3 Qb6 19. Nd4 Be4 20. b3 c5 21. Nf3
a5 22. Nd2 Bg6 23. Qe3 Rec8 24. Rac1 Rc6 25. a3 Rac8 26. f4 Qb7 27. Qf3 a4 28.
b4 cxb4 29. axb4 Qb6+ 30. Kh1 d4 31. c4 Qxb4 0-1